Southville International School and Colleges
Your cart is empty.
  • Cart
  • Lists
    Public lists Eva Luna New books Lux_list list_1
    Your lists Log in to create your own lists
  • Log in to your account
  • Your cookies
  • Search history
Southville International School and Colleges
  • Advanced search
  • Recent comments
  • Most popular
  • Libraries

Log in to your account

Log in with GOOGLE


If you do not have an external account, but do have a local account, you can still log in:

  1. Home
  2. MARC view: Communication, technology and cultural change /
Normal view MARC view ISBD view

Communication, technology and cultural change / (Record no. 21154)

[ view plain ]
MARC details
000 -LEADER
fixed length control field 00630nam a2200205 a 4500
005 - DATE AND TIME OF LATEST TRANSACTION
control field 20140310183311.0
008 - FIXED-LENGTH DATA ELEMENTS--GENERAL INFORMATION
fixed length control field 051010s19uu xx 00 eng d
020 ## - INTERNATIONAL STANDARD BOOK NUMBER
International Standard Book Number 9780761972013
050 ## - LIBRARY OF CONGRESS CALL NUMBER
Classification number HM 1206
Item number .K78 2005
100 ## - MAIN ENTRY--PERSONAL NAME
Personal name Krug, Gary
245 ## - TITLE STATEMENT
Title Communication, technology and cultural change /
Statement of responsibility, etc Gary Krug.
260 ## - PUBLICATION, DISTRIBUTION, ETC. (IMPRINT)
Place of publication, distribution, etc London :
Name of publisher, distributor, etc Sage Publications Ltd,
Date of publication, distribution, etc 2005.
300 ## - PHYSICAL DESCRIPTION
Extent 241 p. :
Dimensions 23 cm.
521 ## - TARGET AUDIENCE NOTE
Target audience note
650 ## - SUBJECT ADDED ENTRY--TOPICAL TERM
Topical term or geographic name as entry element Communication
General subdivision Social aspects.
650 ## - SUBJECT ADDED ENTRY--TOPICAL TERM
Topical term or geographic name as entry element Communication
General subdivision Technological innovations
-- History.
650 ## - SUBJECT ADDED ENTRY--TOPICAL TERM
Topical term or geographic name as entry element Telecommunication
General subdivision Social aspects.
942 ## - ADDED ENTRY ELEMENTS (KOHA)
Koha item type Books
Source of classification or shelving scheme Library of Congress Classification
Call number prefix Foreign
Holdings
Withdrawn status Lost status Source of classification or shelving scheme Damaged status Home library Current library Shelving location Date acquired Source of acquisition Cost, normal purchase price Total Checkouts Full call number Barcode Date last seen Date checked out Copy number Price effective from Koha item type
    Library of Congress Classification   College Library College Library General Circulation Section 10/10/2005   3236.00 1 HM 1206 .K78 2005 C6207 05/15/2018 11/10/2014 1 10/10/2013 Books

Communication, technology and cultural change /

APA

Krug G., . (2005). Communication, technology and cultural change. London: Sage Publications Ltd.

Chicago

Krug Gary, . 2005. Communication, technology and cultural change. London: Sage Publications Ltd.

Harvard

Krug G., . (2005). Communication, technology and cultural change. London: Sage Publications Ltd.

MLA

Krug Gary, . Communication, technology and cultural change. London: Sage Publications Ltd. 2005.

  • Place hold
  • Print
  • Cite
  • Add to your cart (remove)
  • Save record
    BIBTEX Dublin Core MARCXML MARC (non-Unicode/MARC-8) MARC (Unicode/UTF-8) MARC (Unicode/UTF-8, Standard) MODS (XML) RIS
  • More searches
    Search for this title in:
    Other Libraries (WorldCat) Other Databases (Google Scholar) Online Stores (Bookfinder.com) Open Library (openlibrary.org)

Exporting to Dublin Core...

SOUTHVILLE LIBRARY

Southville International School and Colleges Library

1281 Tropical Ave. Cor. Luxembourg St., BF Homes International, Las Pinas City

Tel. No. 8256374 / 252358 Loc. 117/146

Powered by Koha